To have and to hoax / Martha Waters.
Available copies
- 2 of 2 copies available at LARL/NWRL Consortium.
- 2 of 2 copies available at Lake Agassiz Regional Library. (Show preferred library)
Current holds
0 current holds with 2 total copies.
Show All Copies
| Location | Call Number / Copy Notes | Barcode | Shelving Location | Status | Due Date |
|---|---|---|---|---|---|
| Crookston Public Library | WAT (Text) | 33500013235940 | Main | Available | - |
| Moorhead Public Library | WAT (Text) | 33500013235957 | Main | Available | - |
Record details
- ISBN: 9781982136116
- ISBN: 1982136111
- Physical Description: 360 pages ; 21 cm
- Edition: First Atria Paperback edition.
- Publisher: New York : Atria Paperback, 2020.
Content descriptions
| Summary, etc.: | "In this fresh and hilarious historical rom-com, ... Read More |
Search for related items by subject
| Subject: | Marriage > Fiction. Deception > Fiction. |
| Genre: | Romance fiction. Historical fiction. Regency fiction. Love stories. |
Search for related items by series
| LDR | 02825cam a22004458i 4500 | ||
|---|---|---|---|
| 001 | 338035 | ||
| 003 | LARL_NWRL_CONSORTIUM | ||
| 005 | 20210408163943.0 | ||
| 008 | 190726s2020 nyu 000 1 eng | ||
| 010 | . | ‡a 2019031862 | |
| 040 | . | ‡aDLC ‡beng ‡erda ‡cDLC ‡dOCLCO ‡dHQD ‡dOCLCO ‡dTXN ‡dSINLB | |
| 019 | . | ‡a1148175409 | |
| 020 | . | ‡a9781982136116 ‡q(trade paperback) | |
| 020 | . | ‡a1982136111 ‡q(trade paperback) | |
| 020 | . | ‡z9781982136123 ‡q(ebook) | |
| 035 | . | ‡a(OCoLC)1105936900 ‡z(OCoLC)1148175409 | |
| 042 | . | ‡apcc | |
| 082 | 0 | 0. | ‡a813/.6 ‡223 |
| 100 | 1 | . | ‡aWaters, Martha, ‡d1988- ‡eauthor. |
| 245 | 1 | 0. | ‡aTo have and to hoax / ‡cMartha Waters. |
| 250 | . | ‡aFirst Atria Paperback edition. | |
| 264 | 1. | ‡aNew York : ‡bAtria Paperback, ‡c2020. | |
| 300 | . | ‡a360 pages ; ‡c21 cm | |
| 336 | . | ‡atext ‡btxt ‡2rdacontent | |
| 337 | . | ‡aunmediated ‡bn ‡2rdamedia | |
| 338 | . | ‡avolume ‡bnc ‡2rdacarrier | |
| 490 | 0 | . | ‡aRegency vows ; ‡v1 |
| 520 | . | ‡a"In this fresh and hilarious historical rom-com, an estranged husband and wife in Regency England feign accidents and illness in an attempt to gain attention-and maybe just win each other back in the process. Five years ago, Lady Violet Grey and Lord James Audley met, fell in love, and got married. Four years ago, they had a fight to end all fights, and have barely spoken since. Their once-passionate love match has been reduced to one of cold, detached politeness. But when Violet receives a letter that James has been thrown from his horse and rendered unconscious at their country estate, she races to be by his side-only to discover him alive and well at a tavern, and completely unaware of her concern. She's outraged. He's confused. And the distance between them has never been more apparent. Wanting to teach her estranged husband a lesson, Violet decides to feign an illness of her own. James quickly sees through it, but he decides to play along in an ever-escalating game of manipulation, featuring actors masquerading as doctors, threats of Swiss sanitariums, faux mistresses-and a lot of flirtation between a husband and wife who might not hate each other as much as they thought. Will the two be able to overcome four years of hurt or will they continue to deny the spark between them?"-- ‡cProvided by publisher. | |
| 650 | 0. | ‡aMarriage ‡vFiction. ‡0(LARL_NWRL_CONSORTIUM)166003 | |
| 650 | 0. | ‡aDeception ‡vFiction. ‡0(LARL_NWRL_CONSORTIUM)164560 | |
| 655 | 7. | ‡aRomance fiction. ‡2lcgft | |
| 655 | 7. | ‡aHistorical fiction. ‡2lcgft | |
| 655 | 7. | ‡aRegency fiction. ‡2gsafd | |
| 655 | 7. | ‡aLove stories. ‡2gsafd | |
| 776 | 0 | 8. | ‡iOnline version: ‡aWaters, Martha, 1988- ‡tTo have and to hoax ‡dNew York : Atria Paperback, 2020. ‡z9781982136123 ‡w(DLC) 2019031863 |
| 901 | . | ‡a338035 ‡bOCoLC ‡c338035 ‡tbiblio ‡soclc | |

Add to basket
Permalink
Disable Highlighting